Introduction to probability models (Record no. 13522)

MARC details
000 -LEADER
fixed length control field 00544nam a22002057a 4500
003 - CONTROL NUMBER IDENTIFIER
control field BD-DhSAU
005 - DATE AND TIME OF LATEST TRANSACTION
control field 20160920145944.0
008 - FIXED-LENGTH DATA ELEMENTS--GENERAL INFORMATION
fixed length control field 160920b2014 ii a|||| |||| 001 0 eng d
020 ## - INTERNATIONAL STANDARD BOOK NUMBER
International Standard Book Number 9789351072249
040 ## - CATALOGING SOURCE
Original cataloging agency BD-DhSAU
082 ## - DEWEY DECIMAL CLASSIFICATION NUMBER
Edition number 22
Classification number 519.2
Item number R7338
100 ## - MAIN ENTRY--PERSONAL NAME
Personal name Ross, Sheldon M.
245 ## - TITLE STATEMENT
Title Introduction to probability models
Statement of responsibility, etc. Sheldon M. Ross,
250 ## - EDITION STATEMENT
Edition statement 11th ed.
260 ## - PUBLICATION, DISTRIBUTION, ETC. (IMPRINT)
Place of publication, distribution, etc. New York:
Name of publisher, distributor, etc. Elsevier,
Date of publication, distribution, etc. 2014
300 ## - PHYSICAL DESCRIPTION
Extent xv, 767 p. :
Other physical details ill. ;
Dimensions 23 cm.
590 ## - Name of Cataloguer
Name of Cataloger roy
650 ## - SUBJECT ADDED ENTRY--TOPICAL TERM
Topical term or geographic name as entry element Probability Models
942 ## - ADDED ENTRY ELEMENTS (KOHA)
Source of classification or shelving scheme Dewey Decimal Classification
Koha item type Book
Holdings
Withdrawn status Lost status Source of classification or shelving scheme Damaged status Not for loan Collection code Home library Branch Name Shelving location Date acquired Total Checkouts Full call number Barcode Date last seen Price effective from Koha item type Public note
    Dewey Decimal Classification   Not For Loan Reference SAU Library SAU Library Reference 20/09/2016   519.2 R7338 38646 20/09/2016 20/09/2016 Book  
    Dewey Decimal Classification       SAU Library SAU Library General Stacks 26/06/2016   519.2 R7338 38647 20/09/2016 20/09/2016 Book  
    Dewey Decimal Classification   Not For Loan Reference SAU Library SAU Library Reference 10/06/2021   519.2 R7338 42504 16/09/2021 16/09/2021 Book Project 2021
    Dewey Decimal Classification       SAU Library SAU Library General Stacks 10/06/2021   519.2 R7338 42505 16/09/2021 16/09/2021 Book Project 2021
    Dewey Decimal Classification       SAU Library SAU Library General Stacks 10/06/2021   519.2 R7338 42506 16/09/2021 16/09/2021 Book Project 2021